000
00308nam a22001337a 4500
008
181001b xxu||||| |||| 00| 0 eng d
020
_a
9780195135336
041
_a
eng
080
_a
159.9
100
_a
49
101
_a
PSI
245
_a
Hnadbook Of Positive Psychology
_c
Snysder.C.R
942
_2
udc
_c
BK
999
_c
48710
_d
48710